000 00858cam a22002897a 4500
003 CHAP
005 20220329143008.0
008 050606d2003 uk a r 00110 eng d
010 _a90427
011 _a91399
020 _a0632058293
035 _a101957
040 _cCHAP
082 0 4 _a630.2
_bS6
100 0 0 _aSoffe, Richard J.
_9108278
245 1 4 _aThe agricultural notebook
_c/ed. by Richard J. Soffe
250 _a20 ed.
260 _aOsney Mead, Oxford :
_bBlackwell Science,
_c2003.
300 _a744 p. :
_bilus. ; gráfs.
590 _aBATCH-UPD
_b10
_c20130110
_lUCH01
_h1040
590 _aCONVERSION
_b10
_c20130109
_lUCH01
_h1350
650 1 4 _aAgricultura
_xManuales.
_91733
901 _aBK
905 _aAlejandra Carrasco M.
942 _cLIBRO
949 _a630.2 S6 2003
_bBC
_cLIBRO
_d33724000957064
_eLIBRO
_h105724
_i101957
_sb
_t$ 889.00
999 _c90427
_d90427